<?xml version="1.0" encoding="UTF-8"?><?xml-stylesheet type="text/xsl" href="static/style.xsl"?><OAI-PMH xmlns="http://www.openarchives.org/OAI/2.0/" xmlns:xsi="http://www.w3.org/2001/XMLSchema-instance" xsi:schemaLocation="http://www.openarchives.org/OAI/2.0/ http://www.openarchives.org/OAI/2.0/OAI-PMH.xsd"><responseDate>2026-06-01T01:30:13Z</responseDate><request verb="GetRecord" identifier="oai:docta.ucm.es:20.500.14352/102118" metadataPrefix="marc">https://docta.ucm.es/rest/oai/request</request><GetRecord><record><header><identifier>oai:docta.ucm.es:20.500.14352/102118</identifier><datestamp>2025-03-18T14:05:46Z</datestamp><setSpec>com_20.500.14352_14</setSpec><setSpec>col_20.500.14352_15</setSpec></header><metadata><record xmlns="http://www.loc.gov/MARC21/slim" xmlns:dcterms="http://purl.org/dc/terms/" xmlns:xsi="http://www.w3.org/2001/XMLSchema-instance" xmlns:doc="http://www.lyncode.com/xoai" xsi:schemaLocation="http://www.loc.gov/MARC21/slim http://www.loc.gov/standards/marcxml/schema/MARC21slim.xsd">
   <leader>00925njm 22002777a 4500</leader>
   <datafield ind2=" " ind1=" " tag="042">
      <subfield code="a">dc</subfield>
   </datafield>
   <datafield ind2=" " ind1=" " tag="720">
      <subfield code="a">García Crego, Juan</subfield>
      <subfield code="e">author</subfield>
   </datafield>
   <datafield ind2=" " ind1=" " tag="260">
      <subfield code="c">2014-01-01</subfield>
   </datafield>
   <datafield ind2=" " ind1=" " tag="520">
      <subfield code="a">Partiendo de dos relatos muy alejados en el tiempo como son la película La muerte de vacaciones (Dealh Takes a Ho/iday, 1934) de Mitchell Leisen y de ¿Conoces a Joe BJack? (Meet Joe Black, 1998) de Martin Brest, el autor plantea esta intervención como una reflexión sobre el peculiar enfoque de la narración hollywoodiense más tradicional pues se describe un relato en el que la imagen de la muerte, la vieja parca, deja de tener ese matiz peyorativo y es representada en cada film por uno de los galanes de la época, resultando ser el héroe de la historia.</subfield>
   </datafield>
   <datafield ind2=" " ind1=" " tag="520">
      <subfield code="a">Based on two stories from very different eras, the films Death Takes a Holyday, 1934, directed by Mitchell Leisen and Meet Jo&amp; Black, directed by Martin Brest in 1998. In this the author contrasts in his contribution, the usual approach of Hollywood's traditional narration, with a story which describes the image of death, the Grim Reaper, without any negative connotations. The characters are evenly representad in each film by one of the leading men
of lhe time, who is also like hero of the story.</subfield>
   </datafield>
   <datafield ind1="8" ind2=" " tag="024">
      <subfield code="a">García Crego, J. (2014). ¡Ha besado a la muerte! La antropomorfización de la muerte. De la vieja parca al galán. Trama y fondo: revista de cultura, 36, 105-121</subfield>
   </datafield>
   <datafield ind1="8" ind2=" " tag="024">
      <subfield code="a">1137-4802</subfield>
   </datafield>
   <datafield ind1="8" ind2=" " tag="024">
      <subfield code="a">https://hdl.handle.net/20.500.14352/102118</subfield>
   </datafield>
   <datafield ind2="0" ind1="0" tag="245">
      <subfield code="a">¡Ha besado a la muerte! La antropomorfización de la muerte. De la vieja parca al galán</subfield>
   </datafield>
</record></metadata></record></GetRecord></OAI-PMH>